00825cam a2200229 a 450000100100000000500170001000800410002702000150006804000250008308200150010810000380012324500800016126000720024130000190031350500280033265000300036065000300039065000300042004900090045095201190045999900170057800002337020200930022154.0790702s1982 ag 000 0 spa  a0311040284 aDO-SdBNPbspacBNPHU a286bG984m1 aGutiérrez Cortez, Rolando9369613aEl mensaje de los Salmos en nuestro contexto /cRolando Gutiérrez Cortez. aBuenos Aires, Argentina :bCasa Bautista de Publicaciones :,c1982. av. 3 ;c22 cm.1 at. 3. Salmos 101 al 150 4aBautistasxSermones93697 4aSermones, español93698 4aEstudios bíblicos93699 aBNGR 001054708MOaGRbGRcCTd2010-12-03iLF1l0o286 G984mp23370-10r2020-06-25w2020-06-25y4ZPréstamo en sala c22867d22867